Komunikační účinnost sportovního sponzoringu
Sponzoring ako dôležitá súčasť komunikácie. Informácie o sponzorovi v športových spravodajstvách, v televíznych novinách. Orientácia sponzorov na populárne športy. Podiel jednotlivých športov v televíznom spravodajstve v Česku. Zastúpenie vybraných športov v prepočte na 30 sekundové spoty. Finančné...
Guardado en:
| Autor principal: | |
|---|---|
| Formato: | Capítulo de libro |
| Lenguaje: | checo |
| Materias: | |
| Etiquetas: |
Sin Etiquetas, Sea el primero en etiquetar este registro!
|
MARC
| LEADER | 00000naa$a2200000$$$4500 | ||
|---|---|---|---|
| 001 | 0027327 | ||
| 005 | 20231114075238.0 | ||
| 041 | 0 | |a cze | |
| 044 | |a CZ | ||
| 245 | 1 | 0 | |a Komunikační účinnost sportovního sponzoringu |c Eva Herzmannová |
| 520 | |a Sponzoring ako dôležitá súčasť komunikácie. Informácie o sponzorovi v športových spravodajstvách, v televíznych novinách. Orientácia sponzorov na populárne športy. Podiel jednotlivých športov v televíznom spravodajstve v Česku. Zastúpenie vybraných športov v prepočte na 30 sekundové spoty. Finančné prostriedky, vhodne umiestnené do sponzoringu môžu značne prispieť k propagácii firmy na verejnosti. | ||
| 610 | 2 | 0 | |a propagácia |
| 610 | 2 | 0 | |a firmy |
| 610 | 2 | 0 | |a spoty reklamné |
| 610 | 2 | 0 | |a šport |
| 610 | 2 | 0 | |a sponzorovanie |
| 610 | 2 | 0 | |a Česko |
| 100 | 1 | |a Herzmannová, Eva | |